APC guide for supervisors, counsellors and employers (Record no. 102276)

MARC details
000 -LEADER
fixed length control field 01251cam a2200253 4500
001 - CONTROL NUMBER
control field E10663
008 - FIXED-LENGTH DATA ELEMENTS--GENERAL INFORMATION
fixed length control field 000000n2002 000 0 eng u
035 ## - SYSTEM CONTROL NUMBER
System control number (Sirsi) u119236
041 ## - LANGUAGE CODE
Language code of text/sound track or separate title eng
050 ## - LIBRARY OF CONGRESS CALL NUMBER
Classification number 333.0076
-- 18
110 ## - MAIN ENTRY--CORPORATE NAME
Corporate name or jurisdiction name as entry element Royal Institution of Chartered Surveyors
Subordinate unit Practice Qualifications
9 (RLIN) 4368
245 ## - TITLE STATEMENT
Title APC guide for supervisors, counsellors and employers
260 ## - PUBLICATION, DISTRIBUTION, ETC.
Place of publication, distribution, etc. Coventry
Name of publisher, distributor, etc. RICS
Date of publication, distribution, etc. 2002
300 ## - PHYSICAL DESCRIPTION
Extent 33p.
Dimensions 30cm.
520 ## - SUMMARY, ETC.
Summary, etc. Guide providing background information to help get started on training candidates for their Assessment of Professional Competence (APC). It gives guidance on structured training agreement, the competency achievement planner, and professional development. Finally, in chronological order, it looks at trainers' involvement in various stages and reviews that need to be carried out over the course of the training period. Samples of review templates and structured training agreement are included.
650 ## - SUBJECT ADDED ENTRY--TOPICAL TERM
Topical term or geographic name entry element APC
9 (RLIN) 6216
650 ## - SUBJECT ADDED ENTRY--TOPICAL TERM
Topical term or geographic name entry element APC COUNSELLORS
650 ## - SUBJECT ADDED ENTRY--TOPICAL TERM
Topical term or geographic name entry element EMPLOYERS
650 ## - SUBJECT ADDED ENTRY--TOPICAL TERM
Topical term or geographic name entry element SUPERVISORS
650 ## - SUBJECT ADDED ENTRY--TOPICAL TERM
Topical term or geographic name entry element PROFESSIONAL DEVELOPMENT
690 ## - LOCAL SUBJECT ADDED ENTRY--TOPICAL TERM (OCLC, RLIN)
Topical term or geographic name as entry element MANAGEMENT-BUSINESS MANAGEMENT-PROFESSIONAL PRACTICE
710 ## - ADDED ENTRY--CORPORATE NAME
Corporate name or jurisdiction name as entry element Royal Institution of Chartered Surveyors
9 (RLIN) 4900
942 ## - ADDED ENTRY ELEMENTS (KOHA)
Suppress in OPAC 0
Holdings
Withdrawn status Lost status Source of classification or shelving scheme Damaged status Not for loan Home library Current library Shelving location Date acquired Total Checkouts Full call number Barcode Date last seen Copy number Price effective from Koha item type Date last checked out
    Dewey Decimal Classification     London London RICS Boxes 17/10/2002   RICS 2002/49 30067941 06/08/2019 1 06/08/2019 Archive  
    Dewey Decimal Classification     London London RICS Boxes 24/10/2002   RICS 2002/49 30067957 06/08/2019 2 06/08/2019 Reference material  
    Dewey Decimal Classification     London London RICS Boxes 24/10/2002 3 RICS 2002/49 30067960 06/08/2019 4 06/08/2019 Book 09/03/2007